Biblioteca ESET

Números y sucesiones / (Registro nro. 123)

Detalles MARC
000 -CABECERA
fixed length control field 01748nam a2200373 a 4500
003 - CONTROL NUMBER IDENTIFIER
control field AR-BeUNQ
005 - FECHA Y HORA DE LA ULTIMA TRANSACCION
control field 20220224182337.0
008 - ELEMENTOS DE LONGITUD FIJA-INFORMACION GENERAL
fixed length control field 170301s2002 ag ad f 000 0 spa d
020 ## - NUMERO INTERNACIONAL NORMALIZADO PARA LIBROS
Número Internacional Normalizado del libro 9789875501743
040 ## - FUENTE DE CATALOGACION
Agencia de catalogación original AR-BeUNQ
Idioma de catalogación ESPAÑOL
082 04 - NUMERO DE CLASIFICACION DECIMAL DEWEYMBER
Número de la edición 21
Número de clasificación 512.72
100 1# - ASIENTO PRINCIPAL-NOMBRE PERSONAL
Nombre personal Altman, Silvia V.
245 10 - MENCION DE TITULO
Título Números y sucesiones /
Mención de responsabilidad, etc Silvia V. Altman, Claudia R. Comparatore, Liliana E. Kurzrok.
260 ## - PUBLICACION, DISTRIBUCION, ETC.
Lugar de publicación, distribución, etc. Buenos Aires :
Nombre del editor, distribuidor, etc. Longseller,
Fecha de publicación, distribución, etc [2002].
300 ## - DESCRIPCION FISICA
Extensión 112 p. :
Otros detalles físicos il., gráficos ;
Dimensiones 27 cm.
490 1# - MENCION DE SERIE
Mención de serie Libros temáticos de matemática ;
Designación numérica/secuencial del volumen libro 3
505 0# - NOTA DE CONTENIDO
Nota de contenido con formato preestablecido Números reales -- Operaciones con radicales -- Sucesiones. Progresiones aritméticas y geométricas -- Números complejos
650 #7 - ASIENTO SECUNDARIO DE MATERIA - TERMINO TEMATICO
Término temático o nombre geográfico como elemento de entrada Matemáticas
Fuente del encabezamiento o términ spines
650 #7 - ASIENTO SECUNDARIO DE MATERIA - TERMINO TEMATICO
Término temático o nombre geográfico como elemento de entrada Números reales
Fuente del encabezamiento o términ spines
650 #7 - ASIENTO SECUNDARIO DE MATERIA - TERMINO TEMATICO
Término temático o nombre geográfico como elemento de entrada Números complejos
Fuente del encabezamiento o términ spines
650 #7 - ASIENTO SECUNDARIO DE MATERIA - TERMINO TEMATICO
Término temático o nombre geográfico como elemento de entrada Secuencias (matemáticas)
Fuente del encabezamiento o términ spines
650 #7 - ASIENTO SECUNDARIO DE MATERIA - TERMINO TEMATICO
Término temático o nombre geográfico como elemento de entrada Raíces cuadradas
Fuente del encabezamiento o términ spines
650 #7 - ASIENTO SECUNDARIO DE MATERIA - TERMINO TEMATICO
Término temático o nombre geográfico como elemento de entrada Manuales
Fuente del encabezamiento o términ spines
650 #7 - ASIENTO SECUNDARIO DE MATERIA - TERMINO TEMATICO
Término temático o nombre geográfico como elemento de entrada Enseñanza media
Fuente del encabezamiento o términ spines
700 1# - ASIENTO SECUNDARIO - NOMBRE DE PERSONA
Personal name Comparatore, Claudia R.
700 1# - ASIENTO SECUNDARIO - NOMBRE DE PERSONA
Personal name Kurzrok, Liliana E.
830 #0 - ASIENTO SECUNDARIO DE SERIE--TITULO UNIFORME
9 (RLIN) 156
Título uniforme Libros temáticos de matemática (Longseller)
Language of a work Español
Designación numérica/secuencial del volumen libro 3
929 ## - DATOS DE ADQUISICION
Procedencia COMPRA
Proveedor Stratford Book Services
Orden de compra 2a compra 2016 Exp. 827-0946/16
Precio 200,00
Fecha de recibido 20170102
Patrimonio UNQ PAT0066297
Número de inventario 55440
929 ## - DATOS DE ADQUISICION
Procedencia COMPRA
Proveedor Stratford Book Services
Orden de compra 2a compra 2016 Exp. 827-0946/16
Precio 200,00
Fecha de recibido 20170102
Patrimonio UNQ PAT0066298
Número de inventario 55441
929 ## - DATOS DE ADQUISICION
Procedencia COMPRA
Proveedor Stratford Book Services
Orden de compra 2a compra 2016 Exp. 827-0946/16
Precio 200,00
Fecha de recibido 20170102
Patrimonio UNQ PAT0066299
Número de inventario 55442
929 ## - DATOS DE ADQUISICION
Procedencia COMPRA
Proveedor Stratford Book Services
Orden de compra 2a compra 2016 Exp. 827-0946/16
Precio 200,00
Fecha de recibido 20170102
Patrimonio UNQ PAT0066300
Número de inventario 55443
929 ## - DATOS DE ADQUISICION
Procedencia COMPRA
Proveedor Stratford Book Services
Orden de compra 2a compra 2016 Exp. 827-0946/16
Precio 200,00
Fecha de recibido 20170102
Patrimonio UNQ PAT0066301
Número de inventario 55444
942 ## - ELEMENTOS DE PUNTO DE ACCESO ADICIONAL (KOHA)
Tipo de ítem Koha Libros
Suppress in OPAC 0
Existencias
Estado de retiro Estado de pérdida Ubicación permanente Ubicación actual Ubicación en estantería Fecha de ingreso Total Checkouts Signatura topográfica completa Inventario Date last seen Número de copia Tipo de ítem Koha Operador
    Biblioteca ESET - UNQ Biblioteca ESET - UNQ SALA 01/03/2017   512.72 ALT 55440 01/03/2017 1 Libros CMG
    Biblioteca ESET - UNQ Biblioteca ESET - UNQ CIRCULACION 01/03/2017   512.72 ALT 55441 01/03/2017 2 Libros CMG
    Biblioteca ESET - UNQ Biblioteca ESET - UNQ CIRCULACION 01/03/2017   512.72 ALT 55442 01/03/2017 3 Libros CMG
    Biblioteca ESET - UNQ Biblioteca ESET - UNQ CIRCULACION 01/03/2017   512.72 ALT 55443 01/03/2017 4 Libros CMG
    Biblioteca ESET - UNQ Biblioteca ESET - UNQ CIRCULACION 01/03/2017   512.72 ALT 55444 01/03/2017 5 Libros CMG

ESET UNQ

☏ 4365-7188
 Avenida República de Francia 1714 entre Doctor Kenny y Concordia, Ezpeleta, Bs As.
✉ secretaria_eset@unq.edu.ar

Con tecnología Koha